[Event "SR 3. liga A2 2009/2010"]
[Site "?"]
[Date "2010.01.31"]
[Round "7.3"]
[White "Sturdik, Igor"]
[Black "Kolesar, Rastislav"]
[Result "1/2-1/2"]
[WhiteElo "2047"]
[BlackElo "2012"]
[PlyCount "51"]
[EventDate "2009.??.??"]

1. e4 c6 2. d4 d5 3. Nd2 dxe4 4. Nxe4 Bf5 5. Ng3 Bg6 6. h4 h6 7. Nf3 Nd7 8. h5
Bh7 9. Bd3 Bxd3 10. Qxd3 e6 11. Bd2 Ngf6 12. O-O-O Be7 13. Ne4 Qc7 14. g3 O-O
15. Rdg1 Nxe4 16. Qxe4 Nf6 17. Qe2 Nh7 18. Ne5 c5 19. dxc5 Bxc5 20. Bc3 Rfd8
21. Rh4 Rd5 22. Rd1 Rad8 23. Rxd5 Rxd5 24. Nd3 Be7 25. Rd4 Rxd4 26. Bxd4 $11
1/2-1/2

[Event "SR 3. liga A2 2009/2010"]
[Site "?"]
[Date "2010.01.31"]
[Round "7.4"]
[White "Obdrzalkova, Anitta"]
[Black "Svoboda, Adam"]
[Result "0-1"]
[WhiteElo "2004"]
[BlackElo "1821"]
[PlyCount "100"]
[EventDate "2009.??.??"]

1. d4 d5 2. Nf3 Nf6 3. c4 c6 4. Nc3 a6 5. e3 e6 6. Qc2 Nbd7 7. cxd5 exd5 8. Bd3
Bd6 9. O-O O-O 10. e4 dxe4 11. Nxe4 Nxe4 12. Bxe4 Nf6 13. Bd3 h6 14. h3 Nd5 15.
Bc4 Be6 16. a3 Qf6 17. Qd3 b5 18. Bxd5 Bxd5 19. Nd2 Rfe8 20. Rd1 Rad8 21. Nf1
Bc4 22. Qc3 Re2 23. Qf3 Qxf3 24. gxf3 Re6 25. f4 Bxf1 26. Kxf1 Rf6 27. Rd3 Bxf4
28. Bxf4 Rxf4 29. Rad1 Rf5 30. b4 Kf8 31. R1d2 Ke7 32. Re2+ Kd6 33. Rc2 Kc7 34.
Ke2 Rfd5 35. Ke3 g5 36. Rcd2 Re8+ 37. Kf3 f5 38. Kg3 h5 39. f3 f4+ 40. Kf2 Kb6
41. Rc2 Re6 42. Rcd2 a5 43. Rc2 axb4 44. axb4 Re7 45. Rcd2 Ra7 46. Rb2 Ra1 47.
Kg2 h4 48. Kf2 Rh1 49. Kg2 Rc1 50. Rdd2 Rc4 0-1

[Event "SR 3. liga A2 2009/2010"]
[Site "?"]
[Date "2010.01.31"]
[Round "7.5"]
[White "Bahna, Jan"]
[Black "Takacs, Laszlo"]
[Result "0-1"]
[WhiteElo "1960"]
[BlackElo "1838"]
[PlyCount "100"]
[EventDate "2009.??.??"]

1. e4 c5 2. Nc3 e6 3. g3 Nc6 4. Bg2 Nf6 5. d3 Be7 6. Nf3 d5 7. O-O O-O 8. Re1
d4 9. Ne2 Bd6 10. a3 e5 11. c3 h6 12. cxd4 cxd4 13. b4 Bc7 14. Bb2 Be6 15. Nh4
Nd7 16. Nf5 Ne7 17. Nxe7+ Qxe7 18. f4 f6 19. f5 Bf7 20. g4 Rac8 21. Ng3 Bb6 22.
Kh1 Rc7 23. h4 Rfc8 24. Rc1 Rxc1 25. Bxc1 Rc3 26. Ne2 Bb3 27. Nxc3 Bxd1 28. Nd5
Qd6 29. Rxd1 Bd8 30. Bf3 Nb6 31. Nxb6 Qxb6 32. Kg2 Qc6 33. Kf2 Qc2+ 34. Be2 Qb3
35. Rg1 a5 36. bxa5 Bxa5 37. g5 hxg5 38. hxg5 fxg5 39. Bxg5 Kf7 40. Bh5+ Kf8
41. Be2 Qa2 42. Rg3 Bd2 43. f6 gxf6 44. Bxf6 Bf4 45. Rh3 Be3+ 46. Kf3 Qe6 47.
Rh8+ Kf7 48. Bd8 Kg7 49. Rh4 Qf7+ 50. Kg4 Qd7+ 0-1

[Event "SR 3. liga A2 2009/2010"]
[Site "?"]
[Date "2010.01.31"]
[Round "7.6"]
[White "Klanica, Anton"]
[Black "Kahancova, Jana"]
[Result "1/2-1/2"]
[WhiteElo "1894"]
[BlackElo "1575"]
[PlyCount "68"]
[EventDate "2009.??.??"]

1. e4 e6 2. d4 d5 3. exd5 exd5 4. Bd3 Bd6 5. Ne2 Nf6 6. O-O O-O 7. Re1 Bg4 8.
f3 Bh5 9. Nf4 Bxf4 10. Bxf4 c6 11. c3 Bg6 12. Na3 Bxd3 13. Qxd3 Re8 14. Be5
Nbd7 15. f4 Ne4 16. c4 f6 17. cxd5 cxd5 18. Qb3 Nxe5 19. Rxe4 Nc4 20. Rxe8+
Qxe8 21. Nxc4 dxc4 22. Qxc4+ Kh8 23. Qd3 Rc8 24. Qd2 Qa4 25. b3 Qc6 26. Rd1 Kg8
27. d5 Qd6 28. Qe3 Qb6 29. Qxb6 axb6 30. Rd2 Kf7 31. Kf2 Ke7 32. g4 Kd7 33. Ke3
Kd6 34. Kd4 Rc5 1/2-1/2

[Event "SR 3. liga A2 2009/2010"]
[Site "?"]
[Date "2010.01.31"]
[Round "7.7"]
[White "Holicky, Miroslav"]
[Black "Matus, David"]
[Result "1-0"]
[WhiteElo "1801"]
[BlackElo "1530"]
[PlyCount "77"]
[EventDate "2009.??.??"]

1. e4 e5 2. Nf3 Nc6 3. Bb5 a6 4. Ba4 b5 5. Bb3 Nf6 6. O-O d6 7. Ng5 d5 8. exd5
Nxd5 9. Qf3 Be6 10. Nxe6 fxe6 11. c3 Be7 12. g3 Bf6 13. a4 Na5 14. Bc2 O-O 15.
d3 c6 16. Nd2 Nb7 17. Ne4 Be7 18. Qg4 Nc7 19. Be3 Qd7 20. Rad1 Nd6 21. d4 Nxe4
22. Qxe4 g6 23. dxe5 Qe8 24. Qg4 Rd8 25. Bb6 Rxd1 26. Rxd1 Bd8 27. Bb3 Kg7 28.
Bxc7 Bxc7 29. Bxe6 Bxe5 30. Rd7+ Kf6 31. Bb3 h5 32. Qf3+ Kg5 33. h4+ Kh6 34.
Qe3+ Bf4 35. Qxe8 Rxe8 36. gxf4 Re2 37. Bg8 g5 38. f5 gxh4 39. f6 1-0

[Event "SR 3. liga A2 2009/2010"]
[Site "?"]
[Date "2010.01.31"]
[Round "7.8"]
[White "Kahanec, Jan"]
[Black "Puskas, Miroslav"]
[Result "1/2-1/2"]
[WhiteElo "1530"]
[BlackElo "1980"]
[PlyCount "75"]
[EventDate "2009.??.??"]

1. e4 c5 2. Nf3 Nc6 3. Nc3 g6 4. d4 cxd4 5. Nxd4 Bg7 6. Be3 d6 7. Be2 Bd7 8.
O-O a6 9. h3 Rc8 10. Nd5 Nf6 11. Nxc6 Rxc6 12. Nxf6+ Bxf6 13. c3 O-O 14. Bf3 e5
15. Bg4 Bxg4 16. Qxg4 Qc8 17. Qf3 Bg7 18. Rad1 Qe6 19. Rd5 f5 20. exf5 gxf5 21.
Rfd1 f4 22. Bc1 e4 23. Qg4 Qxg4 24. hxg4 Be5 25. Re1 Rc4 26. Bd2 Ra4 27. a3 Kf7
28. Bc1 Ke6 29. Red1 Rc4 30. R5d2 Rg8 31. f3 exf3 32. gxf3 h5 33. Rg2 hxg4 34.
Rxg4 Rxg4+ 35. fxg4 Kf6 36. Kf2 Rc8 37. Rh1 d5 38. Kf3 1/2-1/2

[Event "SR 3. liga A2 2009/2010"]
[Site "?"]
[Date "2010.01.31"]
[Round "7.1"]
[White "Ivan, Imrich ml"]
[Black "Meszaros, Lorant"]
[Result "1/2-1/2"]
[WhiteElo "2079"]
[BlackElo "2119"]
[PlyCount "77"]
[EventDate "2009.??.??"]

1. Nf3 f5 2. c4 Nf6 3. Nc3 d6 4. d4 g6 5. g3 Bg7 6. Bg2 O-O 7. O-O Nc6 8. d5
Na5 9. Qa4 c6 10. Bd2 cxd5 11. Nxd5 Nc6 12. Bc3 Bd7 13. Qd1 h6 14. Nh4 Kh7 15.
Nxf6+ Bxf6 16. Bxf6 Rxf6 17. e4 f4 18. h3 Ne5 19. b3 fxg3 20. fxg3 Qb6+ 21. Kh2
Raf8 22. Rxf6 Rxf6 23. Qg1 Qf2 24. Rf1 Qxa2 25. Rxf6 exf6 26. Qd1 Qa6 27. Nf3
Nxf3+ 28. Qxf3 Kg7 29. h4 Qc6 30. h5 b6 31. Qd3 Qc5 32. e5 Bf5 33. exf6+ Kxf6
34. Qf3 Qe5 35. hxg6 Kxg6 36. Qa8 a5 37. Qg8+ Kf6 38. Qd8+ Kg6 39. Qxb6 1/2-1/2

[Event "SR 3. liga A2 2009/2010"]
[Site "?"]
[Date "2010.01.31"]
[Round "7.2"]
[White "Kosar, Mikulas"]
[Black "Abraham, Jan"]
[Result "1-0"]
[WhiteElo "1876"]
[BlackElo "1981"]
[PlyCount "93"]
[EventDate "2009.??.??"]

1. e4 e6 2. Nc3 d5 3. Nf3 Nf6 4. e5 Nfd7 5. d4 c5 6. Bb5 Nc6 7. Bxc6 bxc6 8.
O-O cxd4 9. Qxd4 Qb6 10. Qg4 Qb4 11. Qg3 g6 12. a3 Qb8 13. h4 Bg7 14. Re1 h5
15. b4 O-O 16. Bf4 a5 17. Reb1 Qa7 18. b5 c5 19. a4 Qc7 20. Nxd5 exd5 21. e6
Qb7 22. exd7 Bxd7 23. Be5 Bf5 24. Bxg7 Kxg7 25. Qe5+ Kg8 26. Qf4 Rfe8 27. Ne5
Qc7 28. Nxg6 Qd7 29. Ne5 Qe6 30. Qg5+ Kf8 31. Re1 Be4 32. Nc6 Qg6 33. Qxg6 fxg6
34. f3 Bf5 35. Rxe8+ Kxe8 36. Re1+ Kd7 37. Re7+ Kd6 38. Re2 Bd7 39. Ne5 Re8 40.
f4 Bf5 41. Nc4+ Kd7 42. Rxe8 Kxe8 43. Nd6+ Kd7 44. Nxf5 gxf5 45. Kf2 d4 46. c3
d3 47. c4 1-0

[Event "SR 3. liga A2 2009/2010"]
[Site "?"]
[Date "2010.01.31"]
[Round "7.3"]
[White "Csefalvay, Stefan"]
[Black "Szekely, Stefan"]
[Result "1/2-1/2"]
[WhiteElo "1908"]
[BlackElo "1984"]
[PlyCount "47"]
[EventDate "2009.??.??"]

1. d4 d6 2. Nf3 Nf6 3. g3 g6 4. Bg2 Bg7 5. O-O O-O 6. Re1 d5 7. c3 c6 8. Nbd2
Na6 9. e4 dxe4 10. Nxe4 Nxe4 11. Rxe4 Bf5 12. Re1 Re8 13. h3 Be6 14. Be3 Bd5
15. Qc2 Qc8 16. Kh2 Be6 17. Rad1 Bf5 18. Qc1 Be4 19. Bh6 Bxf3 20. Bxf3 Bf6 21.
Bg5 Nc7 22. Bxf6 exf6 23. Bg4 f5 24. Bf3 $11 1/2-1/2

[Event "SR 3. liga A2 2009/2010"]
[Site "?"]
[Date "2010.01.31"]
[Round "7.4"]
[White "Both, Lajos"]
[Black "Vizvari, Ludovit"]
[Result "1/2-1/2"]
[WhiteElo "1904"]
[BlackElo "2015"]
[PlyCount "74"]
[EventDate "2009.??.??"]

1. e4 c5 2. Nf3 e6 3. d4 cxd4 4. Nxd4 a6 5. Be2 b5 6. O-O Bb7 7. Qd3 Qc7 8. Be3
Nf6 9. Nd2 Nc6 10. c3 Ne5 11. Qc2 Neg4 12. g3 Nxe3 13. fxe3 Bc5 14. Qd3 Rd8 15.
Bf3 O-O 16. Rae1 Rfe8 17. Qe2 e5 18. Nf5 b4 19. c4 a5 20. g4 h6 21. Qg2 Nh7 22.
h4 Qb6 23. Nb3 Re6 24. Nxc5 Qxc5 25. b3 g5 26. h5 Nf8 27. Rd1 Ra8 28. Rd3 a4
29. Rfd1 axb3 30. axb3 Bc6 31. Qd2 Kh7 32. Rd6 Ra3 33. Qb2 f6 34. R6d3 Ra8 35.
Kf2 Ra3 36. Nd6 Qa7 37. R1d2 Qc5 1/2-1/2

[Event "SR 3. liga A2 2009/2010"]
[Site "?"]
[Date "2010.01.31"]
[Round "7.5"]
[White "Vegh, Vince"]
[Black "Arpa, Zoltan"]
[Result "1-0"]
[WhiteElo "1920"]
[BlackElo "1847"]
[PlyCount "49"]
[EventDate "2009.??.??"]

1. e4 e6 2. d4 d5 3. e5 c5 4. c3 Nc6 5. Nf3 Qb6 6. a3 cxd4 7. cxd4 Nge7 8. Bd3
Bd7 9. Bc2 Na5 10. O-O Rc8 11. b4 Nc4 12. Nbd2 Nxd2 13. Bxd2 Nc6 14. Be3 Be7
15. Qd3 Nb8 16. Qd2 Na6 17. Rfc1 O-O 18. Qd3 g6 19. Bh6 Rfe8 20. Ng5 Qb5 21.
Qf3 Bxg5 22. Bxg5 Qb6 23. Qf4 Rc4 24. Bf6 Qxd4 25. Qh6 1-0

[Event "SR 3. liga A2 2009/2010"]
[Site "?"]
[Date "2010.01.31"]
[Round "7.6"]
[White "Kalmar, Tamas"]
[Black "Ivan, Imrich st"]
[Result "1-0"]
[WhiteElo "1714"]
[BlackElo "1868"]
[PlyCount "81"]
[EventDate "2009.??.??"]

1. d4 e6 2. Nf3 d5 3. g3 c5 4. Bg2 Nc6 5. O-O Nf6 6. c3 Be7 7. Bg5 h6 8. Bxf6
Bxf6 9. dxc5 Qe7 10. Nbd2 Qxc5 11. e4 dxe4 12. Nxe4 Qe7 13. Nd6+ Kf8 14. Re1 g6
15. Ne4 Kg7 16. Qd6 Rd8 17. Qxe7 Bxe7 18. Rad1 f5 19. Rxd8 Nxd8 20. Ned2 Bf6
21. Nc4 Bd7 22. Rd1 Bc6 23. Nce5 Be8 24. Nc4 Nf7 25. Nd4 Bxd4 26. Rxd4 Rb8 27.
f4 b6 28. Kf2 Kf6 29. h4 Ke7 30. a3 Rd8 31. Rxd8 Kxd8 32. Ke3 Kc7 33. Kd4 Nd6
34. Nxd6 Kxd6 35. c4 a5 36. b4 axb4 37. axb4 Ba4 38. c5+ bxc5+ 39. bxc5+ Ke7
40. Ke5 Bd7 41. Bb7 1-0

[Event "SR 3. liga A2 2009/2010"]
[Site "?"]
[Date "2010.01.31"]
[Round "7.7"]
[White "Varkonyi, Miklos"]
[Black "Bernath, Mikulas"]
[Result "0-1"]
[WhiteElo "1761"]
[BlackElo "1895"]
[PlyCount "78"]
[EventDate "2009.??.??"]

1. e4 c5 2. Nf3 d6 3. d4 cxd4 4. Nxd4 Nf6 5. Nc3 a6 6. a4 g6 7. h3 Bg7 8. Be3
O-O 9. Be2 Bd7 10. Qd2 Nc6 11. O-O-O Qc7 12. Bh6 Nxd4 13. Bxg7 Nxe2+ 14. Qxe2
Kxg7 15. g4 e5 16. Qd2 Ne8 17. f3 Be6 18. h4 h6 19. g5 h5 20. f4 exf4 21. Qxf4
Rc8 22. Rd2 Qc5 23. Nd5 Bxd5 24. exd5 b5 25. Rh3 b4 26. Kb1 f5 27. Re3 Rf7 28.
Re6 Rd8 29. Rde2 Nc7 30. Rf6 Nxd5 31. Rxf7+ Kxf7 32. Qg3 Qd4 33. Qe1 Rd7 34.
Re8 Re7 35. Rxe7+ Nxe7 36. Qf1 a5 37. Qa6 Qe5 38. Qc4+ Kg7 39. Qc7 f4 0-1

[Event "SR 3. liga A2 2009/2010"]
[Site "?"]
[Date "2010.01.31"]
[Round "7.8"]
[White "Lelkes, Bela"]
[Black "Szabo, Julius"]
[Result "1/2-1/2"]
[WhiteElo "1833"]
[BlackElo "1721"]
[PlyCount "81"]
[EventDate "2009.??.??"]

1. e4 e5 2. f4 exf4 3. Nf3 Be7 4. Qe2 Nf6 5. d4 d6 6. Bxf4 O-O 7. Nbd2 c5 8.
dxc5 dxc5 9. Rd1 Qa5 10. a3 Nc6 11. Qb5 a6 12. Qxa5 Nxa5 13. Bd3 Re8 14. O-O
Bg4 15. h3 Bh5 16. Rde1 b5 17. Bc7 Nc6 18. e5 Nd5 19. Be4 Rac8 20. Bxd5 Rxc7
21. Ne4 Nd4 22. g4 Nxf3+ 23. Rxf3 Bg6 24. Ref1 Bd8 25. Nd6 Ree7 26. c3 h5 27.
Kg2 c4 28. Kg3 Rcd7 29. Bc6 Rc7 30. Bd5 Rcd7 31. b3 cxb3 32. Bxb3 a5 33. Bd5
Kf8 34. Bc6 Rc7 35. Bd5 Rcd7 36. Ba2 Rc7 37. Nxb5 h4+ 38. Kh2 Rxe5 39. Nxc7
Re2+ 40. Kg1 f6 41. R3f2 1/2-1/2

[Event "SR 3. liga A2 2009/2010"]
[Site "?"]
[Date "2010.01.31"]
[Round "7.1"]
[White "Kapusta, Petr"]
[Black "Sosna, Jan"]
[Result "1/2-1/2"]
[WhiteElo "2135"]
[BlackElo "2413"]
[PlyCount "131"]
[EventDate "2009.??.??"]

1. e4 e5 2. Nf3 Nc6 3. Bb5 Nf6 4. O-O Bc5 5. c3 O-O 6. d4 Bb6 7. Bg5 d6 8. Bxc6
bxc6 9. dxe5 dxe5 10. Qxd8 Rxd8 11. Nxe5 Ba6 12. c4 Re8 13. Bxf6 gxf6 14. Nxc6
Rxe4 15. Nc3 Rxc4 16. Ne7+ Kf8 17. Ned5 Bd4 18. Rfd1 Bb7 19. Rac1 Bxd5 20. Nxd5
Rxc1 21. Rxc1 Bxb2 22. Rxc7 $11 a5 23. g4 h5 24. gxh5 Kg7 25. Ne3 Kh6 26. Rxf7
Kxh5 27. a4 Rd8 28. Rb7 Bc3 29. Rb5+ Kg6 30. Nd5 Bd2 31. Ne7+ Kf7 32. Nc6 Rg8+
33. Kf1 Rg4 34. Nxa5 Rxa4 35. Nb3 Rb4 36. Rxb4 Bxb4 37. Kg2 Kg6 38. Nd4 Bc5 39.
Ne2 Bd6 40. f4 Bc7 41. Kf3 Ba5 42. Kg4 Bb4 43. Ng3 Bc3 44. h4 Bb2 45. h5+ Kg7
46. Kf5 Kh6 47. Kg4 Kg7 48. Nf5+ Kf7 49. Kf3 Ba1 50. Ke4 Bb2 51. Nh6+ Kg7 52.
Ng4 Bc3 53. f5 Bb2 54. Kd5 Kf7 55. Ke4 Kg7 56. Kd5 Kf7 57. h6 Bc3 58. Nf2 Bb2
59. Ne4 Kg8 60. Ke6 Kh7 61. Nxf6+ Kxh6 62. Ng4+ Kg7 63. Ne5 Bxe5 64. Kxe5 Kf7
65. f6 Kf8 66. Kf5 1/2-1/2

[Event "SR 3. liga A2 2009/2010"]
[Site "?"]
[Date "2010.01.31"]
[Round "7.2"]
[White "Gasa, Andrej"]
[Black "Hudacek, Josef"]
[Result "1-0"]
[WhiteElo "2220"]
[BlackElo "2070"]
[PlyCount "107"]
[EventDate "2009.??.??"]

1. e4 c5 2. Nf3 d6 3. d4 cxd4 4. Nxd4 Nf6 5. Nc3 a6 6. Bg5 e6 7. f4 Be7 8. Qe2
Qc7 9. O-O-O b5 10. g3 Bb7 11. Bg2 Nbd7 12. e5 dxe5 13. fxe5 Nd5 14. Bxe7 Nxe7
15. Ndxb5 axb5 16. Nxb5 Qxe5 17. Qxe5 Nxe5 18. Bxb7 Rb8 19. Nc7+ Kf8 20. Na6
Re8 21. Rhe1 N7g6 22. b3 Ke7 23. a4 Rd8 24. a5 Rd7 25. Rxd7+ Nxd7 26. b4 Nge5
27. Rd1 Nc4 28. Rd4 Nd6 29. Bg2 Rc8 30. Kb2 e5 31. Rd1 Nc4+ 32. Kb3 Ne3 33. Rd2
f5 34. Re2 Nxg2 35. Rxg2 g5 36. c4 e4 37. Kc3 Ke6 38. Kd4 Ne5 39. Nc5+ Kf6 40.
a6 e3 41. Kxe3 Nxc4+ 42. Kd4 Nb6 43. Ra2 Rd8+ 44. Kc3 f4 45. gxf4 gxf4 46. Rf2
Ke5 47. Nd3+ Ke4 48. Nxf4 Ke3 49. Rf1 Rc8+ 50. Kb3 Nc4 51. Nd5+ Kd3 52. Rf7 Kd4
53. Nc7 Nb6 54. Rxh7 1-0

[Event "SR 3. liga A2 2009/2010"]
[Site "?"]
[Date "2010.01.31"]
[Round "7.3"]
[White "Kubis, Ivan"]
[Black "Sebesta, Radovan"]
[Result "1/2-1/2"]
[WhiteElo "2025"]
[BlackElo "2056"]
[PlyCount "23"]
[EventDate "2009.??.??"]

1. e4 c5 2. Nf3 Nc6 3. d4 cxd4 4. Nxd4 g6 5. c4 Nf6 6. Nc3 d6 7. Be2 Nxd4 8.
Qxd4 Bg7 9. Be3 O-O 10. Qd2 Be6 11. f3 Qa5 12. Nd5 $11 1/2-1/2

[Event "SR 3. liga A2 2009/2010"]
[Site "?"]
[Date "2010.01.31"]
[Round "7.4"]
[White "Palka, Miroslav"]
[Black "Londin, Martin"]
[Result "0-1"]
[WhiteElo "1976"]
[BlackElo "2005"]
[PlyCount "104"]
[EventDate "2009.??.??"]

1. c4 e6 2. g3 d5 3. Bg2 c6 4. Nf3 Nd7 5. b3 Ngf6 6. Bb2 Bd6 7. O-O b6 8. d3
Bb7 9. e4 e5 10. exd5 cxd5 11. Re1 Qc7 12. Qe2 O-O 13. Nc3 a6 14. cxd5 Rae8 15.
Nd2 Bb4 16. Rec1 Qb8 17. Nc4 b5 18. Ne3 Nb6 19. a3 Bd6 20. Ne4 Nfxd5 21. Nxd6
Qxd6 22. Be4 Ba8 23. Rc2 Rc8 24. Rac1 Rxc2 25. Qxc2 Nxe3 26. fxe3 Bxe4 27. dxe4
Rd8 28. Qc6 f6 29. Qxd6 Rxd6 30. Bc3 Rc6 31. Kf2 Kf7 32. Bd2 Rxc1 33. Bxc1 Nd7
34. b4 Nb6 35. Ke2 Nc4 36. Kd3 Ke6 37. Kc3 Nd6 38. Kd3 h5 39. Bd2 Nc4 40. Bc1
g5 41. a4 Nd6 42. axb5 Nxb5 43. Bd2 Kd6 44. Kc4 Kc6 45. Be1 Nd6+ 46. Kc3 Kb5
47. Kd3 g4 48. Kc3 Nf7 49. Kd3 Ng5 50. Ke2 Nf3 51. Bc3 Nxh2 52. Kd3 Nf3 0-1

[Event "SR 3. liga A2 2009/2010"]
[Site "?"]
[Date "2010.01.31"]
[Round "7.5"]
[White "Vepy, Ivan"]
[Black "Skapikova, Lubica"]
[Result "1-0"]
[WhiteElo "1920"]
[BlackElo "1940"]
[PlyCount "93"]
[EventDate "2009.??.??"]

1. e4 e5 2. Bc4 Nc6 3. Nc3 d6 4. Nge2 Be6 5. Bd5 Nf6 6. O-O Bxd5 7. exd5 Ne7 8.
d4 Nfxd5 9. Ne4 Ng6 10. c4 Nf6 11. Bg5 h6 12. Bxf6 gxf6 13. Qa4+ c6 14. d5 Be7
15. dxc6 bxc6 16. Qxc6+ Kf8 17. Rad1 Rc8 18. Qd5 Kg7 19. b3 f5 20. Nxd6 Bxd6
21. Qxd6 Qg5 22. Qa3 Nh4 23. g3 Nf3+ 24. Kg2 Qh5 25. Qb2 Rcd8 26. h3 Kh7 27.
Qc2 e4 28. Nf4 Nh4+ 29. Kh2 Nf3+ 30. Kh1 Qg5 31. Qc3 h5 32. Nd5 Rd6 33. Qe3 Qg6
34. Qxa7 h4 35. Nf4 Rxd1 36. Rxd1 Qf6 37. Nd5 Qg6 38. Qc7 Rg8 39. Ne7 Qh5 40.
Nxg8 Kxg8 41. Rd8+ Kg7 42. Qb8 Qh7 43. Qd6 Qh5 44. Qf8+ Kg6 45. Qg8+ Kf6 46.
Rd6+ Ke5 47. c5 1-0

[Event "SR 3. liga A2 2009/2010"]
[Site "?"]
[Date "2010.01.31"]
[Round "7.6"]
[White "Zisek, Jaroslav"]
[Black "Hrubsa, Marian"]
[Result "0-1"]
[WhiteElo "1890"]
[BlackElo "1930"]
[PlyCount "64"]
[EventDate "2009.??.??"]

1. c4 e5 2. Nc3 Nf6 3. e4 Nc6 4. g3 Bc5 5. Bg2 d6 6. Nge2 Ng4 7. O-O Qf6 8. Nd5
Qd8 9. h3 Nxf2 10. Rxf2 Bxf2+ 11. Kxf2 O-O 12. d4 exd4 13. Nxd4 Ne5 14. b3 c6
15. Ne3 Qf6+ 16. Kg1 c5 17. Nd5 Qd8 18. Nf5 a6 19. Nde7+ Kh8 20. Bb2 Bxf5 21.
Nxf5 Qf6 22. Qxd6 Nf3+ 23. Bxf3 Qxb2 24. Rd1 Qxa2 25. Qe5 f6 26. Qe7 Rg8 27.
Rd7 Rae8 28. Qf7 Qb1+ 29. Kh2 Qc2+ 30. Bg2 Qc1 31. Nxg7 Qg5 32. Nxe8 Qxg3+ 0-1

[Event "SR 3. liga A2 2009/2010"]
[Site "?"]
[Date "2010.01.31"]
[Round "7.7"]
[White "Vach, Jozef"]
[Black "Lanik, Miroslav"]
[Result "1/2-1/2"]
[WhiteElo "1907"]
[BlackElo "1745"]
[PlyCount "74"]
[EventDate "2009.??.??"]

1. e4 c5 2. f4 d6 3. Nf3 Nc6 4. c3 Nf6 5. d3 e6 6. Be2 Be7 7. O-O Qc7 8. Kh1
O-O 9. Be3 a6 10. a4 Bd7 11. Qc2 Rac8 12. Nbd2 Ng4 13. Bg1 e5 14. f5 Nf6 15.
Rfc1 d5 16. Nf1 dxe4 17. dxe4 Na5 18. N3d2 c4 19. Bf3 Bc5 20. Re1 Bxg1 21. Kxg1
Rfd8 22. h3 Bc6 23. Kh2 Qb6 24. Re2 Qc7 25. Ne3 b5 26. axb5 axb5 27. Nef1 Rd6
28. Rae1 Rcd8 29. Re3 Nb7 30. b4 cxb3 31. Nxb3 $11 Na5 32. Nxa5 Qxa5 33. Qb2 h6
34. Ra1 Qb6 35. Qb4 Bb7 36. Ree1 Bc6 37. Ra2 Qb7 1/2-1/2

[Event "SR 3. liga A2 2009/2010"]
[Site "?"]
[Date "2010.01.31"]
[Round "7.8"]
[White "Havlicek, Peter"]
[Black "Planka, Peter"]
[Result "1/2-1/2"]
[WhiteElo "1671"]
[BlackElo "1776"]
[PlyCount "99"]
[EventDate "2009.??.??"]

1. e4 e5 2. Nf3 Nc6 3. Bc4 Be7 4. d4 exd4 5. Nxd4 Nf6 6. Nxc6 dxc6 7. Qxd8+
Bxd8 8. Nc3 b5 9. Bd3 O-O 10. Bf4 Re8 11. f3 a6 12. O-O Bb7 13. Rad1 c5 14. b3
Nd7 15. a4 b4 16. Ne2 Ne5 17. Bxe5 Rxe5 18. Bc4 Bc6 19. Rd3 Re8 20. Rfd1 Be7
21. Nf4 Bf6 22. Bd5 Bxd5 23. Rxd5 Bd4+ 24. Kf1 Rad8 25. Rxd8 Rxd8 26. Ne2 g6
27. Rd3 Bf6 28. Rxd8+ Bxd8 29. c3 g5 30. c4 Bf6 31. Ng3 Kg7 32. Ke2 Kg6 33. Nf5
Be5 34. h4 h6 35. Ne7+ Kf6 36. Nf5 Kg6 37. g4 Bd6 38. h5+ Kh7 39. Kd3 Be5 40.
Ne7 Kg7 41. Nf5+ Kh7 42. Ne3 Kg8 43. Nd5 Kf8 44. Ke3 c6 45. Nb6 Ke7 46. a5 Bc7
47. e5 Bxe5 48. Ke4 Ke6 49. Na4 Bd4 50. Nb6 1/2-1/2

[Event "SR 3. liga A2 2009/2010"]
[Site "?"]
[Date "2010.01.31"]
[Round "7.2"]
[White "Pribila, Michal"]
[Black "Horak, Ivan"]
[Result "1/2-1/2"]
[WhiteElo "2078"]
[BlackElo "2105"]
[PlyCount "23"]
[EventDate "2009.??.??"]

1. e4 c6 2. d4 d5 3. e5 Bf5 4. Nf3 e6 5. Be2 c5 6. c3 Nc6 7. a3 c4 8. Nbd2 h6
9. Nf1 b5 10. b4 a5 11. Bd2 a4 12. Ne3 1/2-1/2

[Event "SR 3. liga A2 2009/2010"]
[Site "?"]
[Date "2010.01.31"]
[Round "7.3"]
[White "Kovarik, Oto"]
[Black "Kocak, Branislav"]
[Result "1/2-1/2"]
[WhiteElo "2053"]
[BlackElo "1934"]
[PlyCount "152"]
[EventDate "2009.??.??"]

1. e4 c5 2. Nf3 d6 3. d4 cxd4 4. Nxd4 Nf6 5. Nc3 a6 6. Be2 e5 7. Nb3 Be6 8. O-O
Be7 9. Be3 Nbd7 10. f3 Qc7 11. Nd5 Bxd5 12. exd5 Nc5 13. Nxc5 dxc5 14. c4 Bd6
15. a4 a5 16. Qd2 O-O 17. g3 Rfe8 18. Rae1 b6 19. Bd1 Rab8 20. Bc2 g6 21. Bg5
Nh5 22. Bd1 f6 23. g4 fxg5 24. gxh5 Qe7 25. hxg6 h6 26. Bc2 Rf8 27. Re4 Rf4 28.
Rxf4 gxf4 29. Kh1 Kg7 30. Be4 Rf8 31. Qf2 Qd8 32. Rg1 Be7 33. Rg4 Qd6 34. Rg2
Qf6 35. Qd2 Qd6 36. Qc3 Rf6 37. Re2 Rf8 38. Qb3 Bd8 39. Qb5 Bc7 40. Rd2 Rd8 41.
Kg1 Qf6 42. Kf1 Qd6 43. Ke2 Rf8 44. Qc6 Rd8 45. Qb7 Rb8 46. Qa7 Rf8 47. Kd3 Rf6
48. Kc3 Rf8 49. Qb7 Rb8 50. Qc6 Rf8 51. Kc2 Bb8 52. Rd3 Bc7 53. Qxd6 Bxd6 54.
Rb3 Rb8 55. Kd3 Bc7 56. Bf5 Kf6 57. Ke4 Bd6 58. Rd3 Rd8 59. Rd2 Bf8 60. h4 Rd6
61. Rg2 Bg7 62. Be6 Rd8 63. Bf7 Rd6 64. Rd2 Ke7 65. Be6 Kf6 66. Rg2 Rd8 67. Rd2
Rd6 68. h5 Kg5 69. Rg2+ Kf6 70. Rd2 Kg5 71. Bg4 Kf6 72. Bc8 Kg5 73. Be6 Kf6 74.
Rd3 Kg5 75. Bg4 Kf6 76. Rb3 Kg5 1/2-1/2

[Event "SR 3. liga A2 2009/2010"]
[Site "?"]
[Date "2010.01.31"]
[Round "7.4"]
[White "Valla, Tomas"]
[Black "Sefcik, Marek"]
[Result "0-1"]
[WhiteElo "1780"]
[BlackElo "2022"]
[PlyCount "96"]
[EventDate "2009.??.??"]

1. e4 e6 2. d4 b6 3. Nc3 Bb7 4. Bd3 Bb4 5. Qg4 g6 6. a3 Bxc3+ 7. bxc3 f5 8.
exf5 exf5 9. Qg3 Qe7+ 10. Ne2 d6 11. O-O Nf6 12. Bg5 Nbd7 13. Nf4 O-O-O 14.
Rfe1 Qf7 15. f3 Rde8 16. a4 a5 17. Bb5 Nd5 18. Nxd5 Qxd5 19. Bxd7+ Kxd7 20. Bf6
Rhf8 21. Qh4 Qf7 22. Bg5 Rxe1+ 23. Rxe1 Re8 24. Rxe8 Kxe8 25. Qe1+ Kd7 26. Qb1
Qe6 27. Kf2 Bc6 28. Qb3 d5 29. Bf4 Kc8 30. Qa3 Qe8 31. Qa2 Qe6 32. h3 Qd7 33.
c4 dxc4 34. Qxc4 Kb7 35. Qd3 Bxa4 36. c4 Qe7 37. g3 Qb4 38. Bd2 Qb3 39. Ke3 Qa2
40. Qc3 Bb3 41. c5 Bd5 42. Kf4 Bc6 43. cxb6 cxb6 44. h4 Qd5 45. g4 Qd6+ 46. Ke3
fxg4 47. f4 Qe6+ 48. Kf2 h5 0-1

[Event "SR 3. liga A2 2009/2010"]
[Site "?"]
[Date "2010.01.31"]
[Round "7.5"]
[White "Jozefovic, Milan"]
[Black "Brunovsky, Peter"]
[Result "1/2-1/2"]
[WhiteElo "1904"]
[BlackElo "1762"]
[PlyCount "102"]
[EventDate "2009.??.??"]

1. e4 c6 2. Bc4 d5 3. exd5 cxd5 4. Be2 Nf6 5. d4 g6 6. Nf3 Bg7 7. O-O O-O 8.
Nc3 Nc6 9. a3 e6 10. Ne5 Nxe5 11. dxe5 Nd7 12. f4 a6 13. Be3 b6 14. Bd4 Bb7 15.
b4 Rc8 16. Bd3 Nb8 17. Na4 Nd7 18. Qe2 Bc6 19. Nb2 a5 20. c3 Rb8 21. b5 Ba8 22.
a4 Re8 23. Bc2 Bf8 24. Nd3 Qc7 25. Bb3 Nc5 26. Nxc5 Bxc5 27. Rac1 Rbc8 28. Rc2
Qb7 29. Rf3 Bxd4+ $11 30. cxd4 Rxc2 31. Qxc2 Rc8 32. Rc3 Rxc3 33. Qxc3 Qd7 34.
Kf2 Bb7 35. Kf3 Qc8 36. Qc2 Qxc2 37. Bxc2 Bc8 38. g4 Bd7 39. Bd3 Kg7 40. h4 Kg8
$11 41. Bc2 Kg7 42. Bb3 Kf8 43. Ke3 Kg7 44. Kd2 Kf8 45. f5 Kg7 46. f6+ Kf8 47.
Ke3 h6 48. Bd1 Bc8 49. Kf4 Bb7 50. g5 h5 51. Bc2 Bc8 $11 1/2-1/2

[Event "SR 3. liga A2 2009/2010"]
[Site "?"]
[Date "2010.01.31"]
[Round "7.6"]
[White "Zajicek, Ferdinand"]
[Black "Hrubos, Milan"]
[Result "1/2-1/2"]
[WhiteElo "1924"]
[BlackElo "1854"]
[PlyCount "90"]
[EventDate "2009.??.??"]

1. e4 e5 2. Nf3 Nc6 3. Bc4 Bc5 4. Nc3 Nf6 5. d3 O-O 6. Be3 Bxe3 7. fxe3 d6 8.
h3 Be6 9. Bb3 Na5 10. O-O Nxb3 11. axb3 a6 12. Rf2 b5 13. Ne2 c5 14. Ng3 h6 15.
Qe2 Nd7 16. Nh2 Nb6 17. Raf1 c4 18. bxc4 bxc4 19. d4 exd4 20. exd4 d5 21. e5
Ra7 22. Nh5 Re7 23. Qe3 Nd7 24. Nxg7 Kxg7 25. Qg3+ Kh7 26. Ng4 Bxg4 27. Qxg4 f5
28. exf6 Nxf6 29. Rxf6 Rxf6 30. Rxf6 Re1+ 31. Rf1 Rxf1+ 32. Kxf1 Qf6+ 33. Ke2
Qe7+ 34. Kd2 Qb4+ 35. Ke3 Qxb2 36. Qf5+ Kg7 37. Qe5+ Kh7 38. Qe7+ Kg6 39. Qe6+
Kg7 40. Qd7+ Kg6 41. Qe6+ Kg7 42. Qg4+ Kh7 43. Qd7+ Kg6 44. Qe8+ Kg7 45. Qe5+
Kh7 1/2-1/2